| Tag |
First Indicator |
Second Indicator |
Subfields |
| LEADER |
00000cam a2200000Ma 4500 |
| 001 |
in00003828607 |
| 006 |
m o d |
| 007 |
cr cn||||||||| |
| 008 |
080709s2008 vauak ob 001 0 eng d |
| 005 |
20260609152754.0 |
| 019 |
|
|
|a 764547665
|a 782955217
|a 922965727
|a 960202195
|
| 020 |
|
|
|a 9780784472095
|q (electronic bk.)
|
| 020 |
|
|
|a 0784472092
|q (electronic bk.)
|
| 020 |
|
|
|z 9780784409497
|q (pbk.)
|
| 020 |
|
|
|z 0784409498
|q (pbk.)
|
| 035 |
|
|
|a (OCoLC)698590606
|z (OCoLC)764547665
|z (OCoLC)782955217
|z (OCoLC)922965727
|z (OCoLC)960202195
|
| 040 |
|
|
|a E7B
|b eng
|e pn
|c E7B
|d OCLCQ
|d N$T
|d KNOVL
|d OCLCQ
|d DEBSZ
|d KNOVL
|d COO
|d KNOVL
|d ZCU
|d YDXCP
|d OCLCQ
|d EBLCP
|d OCLCF
|d OCLCQ
|d LOA
|d D6H
|d OCLCQ
|d OCLCO
|d UIU
|d DKU
|d OCLCQ
|d UtOrBLW
|
| 049 |
|
|
|a TXAM
|
| 050 |
|
4 |
|a TA710.5
|b .D285 2008eb
|
| 070 |
|
|
|a TA710.5
|b .D285 2008
|
| 072 |
|
7 |
|a TEC
|x 009150
|2 bisacsh
|
| 082 |
0 |
4 |
|a 624.1/51
|2 22
|
| 100 |
1 |
|
|a Davis, Tim,
|d 1954-
|0 http://id.loc.gov/authorities/names/n2001005415
|
| 245 |
1 |
0 |
|a Geotechnical testing, observation, and documentation /
|c Tim Davis.
|
| 250 |
|
|
|a 2nd ed.
|
| 264 |
|
1 |
|a Reston, VA :
|b American Society of Civil Engineers,
|c [2008]
|
| 264 |
|
4 |
|c ©2008
|
| 300 |
|
|
|a 1 online resource (xi, 214 pages) :
|b illustrations, forms
|
| 336 |
|
|
|a text
|b txt
|2 rdacontent
|
| 337 |
|
|
|a computer
|b c
|2 rdamedia
|
| 338 |
|
|
|a online resource
|b cr
|2 rdacarrier
|
| 504 |
|
|
|a Includes bibliographical references and index.
|
| 588 |
0 |
|
|a Print version record.
|
| 505 |
0 |
0 |
|g Ch. 1.
|t The classification of soil --
|g Ch. 2.
|t Exploration techniques and sampling methods --
|g Ch. 3.
|t Basic laboratory tests --
|g Ch. 4.
|t Field density tests --
|g Ch. 5.
|t Soil engineering for the technician --
|g Ch. 6.
|t Geology for the technician --
|g Ch. 7.
|t Project management for the technician --
|g Ch. 8.
|t Loss prevention --
|g Ch. 9.
|t Safety in the field --
|g Ch. 10.
|t Putting it all together : an example project --
|g Ch. 11.
|t A technician's quick reference --
|g App. A.
|t Glossary of geotechnical-related terms --
|g App. B.
|t Answer keys --
|g App. C.
|t Sample field forms and details --
|t Afterword /
|r Robert D. King.
|
| 520 |
1 |
|
|a "Geotechnical Testing, Observation, and Documentation, Second Edition, is valuable for training new technicians and providing a refresher course for veterans. Soil technicians contemplating the NICET or ICC certification exams will find Tim Davis's book an essential test preparation aid."--Jacket.
|
| 500 |
|
|
|a Electronic resource.
|
| 650 |
|
0 |
|a Soils
|x Testing.
|0 http://id.loc.gov/authorities/subjects/sh85124450
|
| 650 |
|
0 |
|a Soil mechanics.
|0 http://id.loc.gov/authorities/subjects/sh85124355
|
| 650 |
|
4 |
|a Soil mechanics.
|
| 650 |
|
4 |
|a Soils
|x Testing.
|
| 650 |
|
7 |
|a TECHNOLOGY & ENGINEERING
|x Civil
|x Soil & Rock.
|2 bisacsh
|
| 650 |
|
7 |
|a Soil mechanics.
|2 fast
|0 (OCoLC)fst01124463
|
| 650 |
|
7 |
|a Soils
|x Testing.
|2 fast
|0 (OCoLC)fst01124822
|
| 650 |
|
7 |
|a Baugrunduntersuchung.
|2 gnd
|
| 650 |
|
7 |
|a Bodenanalyse.
|2 gnd
|
| 655 |
|
7 |
|a Electronic books.
|2 local
|
| 710 |
2 |
|
|a Knovel (Firm)
|0 http://id.loc.gov/authorities/names/nr2001027264
|
| 776 |
1 |
8 |
|i Print version:
|a Davis, Tim, 1954-
|t Geotechnical testing, observation, and documentation.
|b 2nd ed.
|d Reston, VA : American Society of Civil Engineers, ©2008
|w (DLC) 2008030271
|
| 856 |
4 |
0 |
|u http://proxy.library.tamu.edu/login?url=https://app.knovel.com/hotlink/toc/id:kpGTODE00N/geotechnical-testing-observation
|z Connect to the full text of this electronic book
|t 0
|
| 999 |
f |
f |
|s 3779ff0b-2071-3d62-b383-db8931efe548
|i 383be397-712c-33ee-acf2-ad3ab989ab93
|t 0
|
| 952 |
f |
f |
|a Texas A&M University
|b College Station
|c Electronic Resources
|s www_evans
|d Available Online
|t 0
|e TA710.5 .D285 2008eb
|h Library of Congress classification
|
| 998 |
f |
f |
|a TA710.5 .D285 2008eb
|t 0
|l Available Online
|